|
|
|
|
| LEADER |
01242nam a2200301 a 4500 |
| 001 |
2928475 |
| 008 |
101228r20071984nyua b 001 0 eng d |
| 010 |
|
|
|a 89051867
|
| 020 |
|
|
|a 0500680264
|
| 040 |
|
|
|a DLC
|c DLC
|d DLC
|d BD-DhAAL
|
| 082 |
0 |
0 |
|a 741.26
|
| 100 |
1 |
|
|a Gill, Robert W.
|
| 245 |
1 |
0 |
|a Rendering with pen and ink /
|c Robert W. Gill.
|
| 250 |
|
|
|a Rev. ed.
|
| 260 |
|
|
|a New York:
|b Thames and Hudson,
|c 2007 [reprinted ].
|
| 300 |
|
|
|a 400 p. :
|b ill. ;
|c 26 cm.
|
| 490 |
0 |
|
|a The Thames and Hudson manuals
|
| 500 |
|
|
|a First published: 1984. "Previously published under the title: The Thames and Hudson manual of rendering with pen and ink"--T.p. verso.
|
| 504 |
|
|
|a Includes bibliographical references (p. 397-398) and index .
|
| 541 |
1 |
|
|e 00021661
|
| 650 |
|
0 |
|a Pen drawing.
|
| 650 |
|
0 |
|a Perspective.
|
| 650 |
|
0 |
|a Architectural rendering.
|
| 740 |
0 |
|
|a Manual of rendering with pen and ink.
|
| 740 |
0 |
|
|a Rendering with pen and ink.
|
| 852 |
4 |
|
|a Ayesha Abed Library
|c General Shelf.
|
| 999 |
|
|
|c 10259
|d 10259
|
| 952 |
|
|
|0 0
|1 0
|2 ddc
|4 0
|6 741_260000000000000_GIL
|7 0
|9 13709
|a BRACUL
|b BRACUL
|c GEN
|d 2010-12-30
|e Zeenat Book Supply Ltd.
|g 1683.00
|l 24
|m 185
|o 741.26 GIL
|p 3010021661
|q 2026-03-12
|r 2025-10-11
|s 2025-10-11
|t 1
|w 2010-12-30
|y BK
|